000 00731nam a2200217 i 4500
001 5901
003 ES-MaACL
005 20230906144727.0
008 890614s1982 mx ||||1| spa d
020 _a968-16-1043-1
080 _a165:301.01
080 _a301.01:165
245 0 0 _aHacia la sociología del conocimiento
_b: origen y desarrollo de un estilo del pensamiento sociológico /
_c[Franz Adler ... (et al.)] ; compilador Gunter W. Remmling.
250 _a1ª ed.
260 _aMéxico :
_bFondo de Cultura Económica,
_c1982.
300 _a583 p. ;
_c21 cm.
650 4 _aSociología del conocimiento.
_917211
700 1 _aAdler, Franz.
_918445
700 1 _aRemmling, Gunter W.
_996138
852 _aES-MaACL
_jL-13055
999 _c5901
_d5901